[Event "?"]
[Site "Ciego de Avila"]
[Date "2010.01.13"]
[Round "2"]
[White "Quesada Perez, Yasser"]
[Black "Almeida Quintana, Omar"]
[Result "1/2-1/2"]
[WhiteElo "2401"]
[BlackElo "2538"]
[PlyCount "58"]
[EventDate "2010.01.12"]
[EventCountry "CUB"]

1. e4 g6 2. d4 Bg7 3. Nc3 d6 4. Nge2 a6 5. a4 Nc6 6. Be3 Nf6 7. h3 O-O 8. g3 e5
9. Bg2 exd4 10. Nxd4 Re8 11. O-O Bd7 12. Re1 Nb4 13. Qd2 c5 14. Nb3 Bc6 15. Bf4
Nd7 16. Bxd6 Ne5 17. Bxe5 Qxd2 18. Nxd2 Bxe5 19. Rec1 b5 20. axb5 axb5 21. Rxa8
Rxa8 22. Nd1 Ra2 23. c3 Nd3 24. Rb1 Nxb2 25. Rxb2 Rxb2 26. Nxb2 Bxc3 27. Nbc4
bxc4 28. Nxc4 Bb5 $146 ({RR} 28... f6 29. f3 Bd4+ 30. Kh2 Kf7 31. Bf1 f5 32.
Bd3 Kf6 33. Kg2 h6 {
1/2-1/2 Stevic,H (2624)-Svidler,P (2741)/Novi Sad SRB 2009 (33)}) 29. Bf1 Bxc4
1/2-1/2

[Event "?"]
[Site "Ciego de Avila"]
[Date "2010.01.14"]
[Round "3"]
[White "Gomez Garrido, Camilo"]
[Black "Quesada Perez, Yuniesky"]
[Result "1/2-1/2"]
[WhiteElo "2497"]
[BlackElo "2565"]
[PlyCount "52"]
[EventDate "2010.01.12"]
[EventCountry "CUB"]

1. e4 {Boensch,U} c5 2. Nf3 e6 3. d4 cxd4 4. Nxd4 Nc6 5. Nc3 Qc7 6. g3 a6 7.
Bg2 Nf6 8. O-O Be7 9. Re1 O-O 10. a4 d6 11. Be3 Na5 ({RR} 11... Ne5 12. h3 Rb8
13. Qe2 ({RR} 13. g4 Nc4 14. Bc1) 13... Bd7 14. g4 ({RR} 14. f4 Nc4 15. Bc1 Qc5
16. Qf2 e5) ({RR} 14. Rad1 Nc4 15. Bc1 Nb6 16. a5 Nc4) 14... h6 15. Rad1 Rfc8
16. f4 ({RR} 16. Bc1 Qa5 17. f4 Nc4 18. e5 Ne8) ({RR} 16. g5 hxg5 17. Bxg5 b5 (
{RR} 17... Nc4 18. Bc1 Qa5) 18. axb5 axb5 19. Ndxb5 Qc5 ({RR} 19... Bxb5 20.
Nxb5 Qxc2 21. Nxd6 Bxd6 22. Rxd6 Qxb2) 20. Bxf6 Bxb5 21. Nxb5 Bxf6 22. Nxd6 Rd8
23. Qe3 Qxe3 24. fxe3 ({RR} 24. Rxe3 Nc4 25. Red3 Nxb2) 24... Rb6) 16... Nc4
17. Bc1 e5 18. fxe5 ({RR} 18. Nf5 Bxf5 19. exf5 Nxb2) ({RR} 18. Nb3 exf4 19.
Qf2 g5) 18... dxe5 19. Nb3 ({RR} 19. Nf5 Bb4 20. Rd3) 19... b5 20. axb5 axb5
21. Kh1 b4 22. Nd5 Nxd5 23. exd5 ({RR} 23. Rxd5 Be6 24. Rdd1 Nb6) 23... Bh4 24.
Rg1 ({RR} 24. Rf1 Bb5) 24... Bb5 25. d6 Qd7 ({RR} 25... Nxd6 26. Qxe5) 26. Qe4
{Short,N (2655)-Ivanchuk,V (2700)/Novgorod 1995/CBM 048/[Boensch,U]/0-1 (36)} (
{RR} 26. Rd5 Bf6 27. Nc5 Qa7 28. Ne4 Nxd6 29. Nxf6+ gxf6 30. Qd2)) ({RR} 11...
Rb8 12. h3 ({RR} 12. Qe2 Bd7 13. Nb3 Na5 14. Nxa5 Qxa5 15. Bd2 Qc7 16. a5 Bc6
17. Be3 Rbc8 18. Bb6 Qb8 19. Reb1 Rfe8 20. b4 Nd7 21. Bd4 Bf6 22. Bxf6 Nxf6 23.
b5 axb5 24. Nxb5 d5 25. e5 Bxb5 26. Rxb5 Nd7) 12... Re8 13. Qe2 Na5 14. Rad1
Bd7 15. g4 h6 16. Bc1 Nc6 17. Nb3 Rec8 18. h4 Nh7 19. g5 hxg5 20. hxg5 Nxg5 21.
Rd3 Ne5 22. Rg3 Nh7 23. f4 Ng6 24. f5 Bh4 25. fxg6 Bxg3 26. gxh7+) ({RR} 11...
Bd7 12. Nxc6 ({RR} 12. h3 Rac8 13. g4 Nxd4 14. Bxd4 h6 15. e5 Nh7 16. Qd2 Bc6
17. f4 Bxg2 18. Qxg2 dxe5 19. Bxe5 Qc6 20. Rad1 Qxg2+ 21. Kxg2 Rfd8 22. Rxd8+
Rxd8 23. Re2 Rd7 24. Ne4 b5 25. axb5 axb5 26. Rd2 Rxd2+ {
Hansen,V-Petersen,N (2060)/Helsingor DEN 2009/The Week in Chess 768/1-0 (97)})
12... Bxc6 13. a5 Nd7 14. Na4 Rae8 15. Nb6 f5 16. Nxd7 Qxd7) 12. g4 ({RR} 12.
Qd3 Bd7 13. b3 Rac8 14. Bd2 Rfd8 15. h3 Nc6 16. Nxc6 Bxc6 17. Qe2 d5 18. exd5
Nxd5) 12... h6 13. g5 $146 ({RR} 13. Kh1 Nc4 14. Bc1 Qb6 15. Bf1 Qb4 16. f3 Bd7
17. Na2 Qa5 18. b3 Ne5 19. Be3 Qc7 20. c4 Ng6 21. Nc3 Rae8 22. Rc1 Qb8 23. Bd3
Bd8 24. Qd2 Ba5 25. Nc2 Ne5 26. Be2 Nexg4 27. Bg1 Ne5 {
Nataf,I (2340)-Horvath,C (2500)/Paris 1995/EXT 1997/0-1 (60)}) 13... hxg5 14.
Bxg5 Nc6 15. Re3 Nxd4 16. Qxd4 e5 17. Qd1 Bg4 18. Bxf6 Bxd1 19. Nd5 Bxf6 20.
Nxc7 Rac8 21. Nd5 Bxc2 22. Nxf6+ gxf6 23. Rg3+ Kh8 24. Rh3+ Kg7 25. Rg3+ Kh8
26. Rh3+ Kg7 1/2-1/2

[Event "?"]
[Site "Ciego de Avila"]
[Date "2010.01.14"]
[Round "3"]
[White "Bruzon Batista, Lazaro"]
[Black "Ortiz Suarez, Isan Reynaldo"]
[Result "1-0"]
[WhiteElo "2615"]
[BlackElo "2527"]
[PlyCount "87"]
[EventDate "2010.01.12"]
[EventCountry "CUB"]

1. d4 d5 2. c4 c6 3. Nc3 Nf6 4. e3 e6 5. Nf3 Nbd7 6. Qc2 Bd6 7. Bd3 O-O 8. O-O
dxc4 9. Bxc4 b5 10. Bd3 Bb7 11. a3 a6 12. Ng5 Bxh2+ 13. Kxh2 Ng4+ 14. Kg1 Qxg5
15. f3 Ngf6 16. e4 Qh4 17. Be3 e5 18. Ne2 Nh5 19. Qd2 h6 20. Rad1 $146 ({RR} 
20. Rfd1 Rae8 21. Bc2 Re6 22. Bf2 Qe7 23. g4 Rg6 24. Kf1 Nhf6 25. Ng3 Nxg4 26.
fxg4 Qh4 27. Nf5 Qxg4 28. Qc3 Re8 29. Qg3 Qh5 30. Qh4 Qf3 31. Rd3 Qg2+ 32. Ke2
exd4 33. Rg3 Rxg3 34. Qxg3 Rxe4+ {
Anand,V (2791)-Aronian,L (2750)/Linares ESP 2009/The Week in Chess 746/0-1 (53)
}) 20... Rad8 21. Qe1 Qe7 22. Bb1 c5 23. dxc5 Nf4 24. Rc1 Nxe2+ 25. Qxe2 Nb8
26. Rfd1 Nc6 27. Rd6 Rxd6 28. cxd6 Qxd6 29. Bc5 Nd4 30. Qf2 Qc7 31. Rc3 Qd8 32.
Bxf8 Kxf8 33. Ba2 a5 34. f4 f5 35. fxe5 Bxe4 36. Re3 Qa8 37. Re1 Nc2 38. Qc5+
Ke8 39. Rd1 Qc6 40. Qa7 Qb7 41. Qxa5 Qb8 42. Qa6 Qc7 43. Qg6+ Kf8 44. Rd8+ 1-0

[Event "?"]
[Site "Ciego de Avila"]
[Date "2010.01.14"]
[Round "3"]
[White "Corrales Jimenez, Fidel"]
[Black "Arencibia Rodriguez, Walter"]
[Result "1/2-1/2"]
[WhiteElo "2602"]
[BlackElo "2499"]
[PlyCount "162"]
[EventDate "2010.01.12"]
[EventCountry "CUB"]

1. e4 c5 2. Nf3 e6 3. d4 cxd4 4. Nxd4 a6 5. Nc3 Qc7 6. Bd3 Nf6 7. O-O Bc5 8.
Be3 d6 9. Qe2 O-O ({RR} 9... Nbd7 10. Rad1 O-O 11. Nb3 {1/2-1/2 Gonzalez Vidal,
Y (2494)-Arencibia Rodriguez,W (2549)/Santa Clara 2007/CBM 116 ext}) 10. Kh1 ({
RR} 10. f4 Nc6 11. Nb3 Bxe3+ 12. Qxe3 b5 13. a3 Qa7 14. Qxa7 Rxa7 15. h3 b4 16.
Ne2 Rc7 17. Ned4 bxa3 18. bxa3 e5 19. Nxc6 Rxc6 20. Rab1 Rc3 21. fxe5 dxe5 22.
a4 Nh5 23. Nd2 Nf4 24. Rb3 Rc5 {Fellousi,A (2110)-Jap Tjoen San,L (2174)/
Gibraltar 2008/CBM 122 Extra/1/2-1/2 (40)}) 10... b5 11. a4 b4 12. Nb1 $146 ({
RR} 12. Nd1 Bb7 13. f3 Nbd7 14. Nf2 d5 15. Nb3 Bd6 16. g3 dxe4 17. Nxe4 Nxe4
18. Bxe4 Bxe4 19. fxe4 Be5 20. Bd4 Bxd4 21. Nxd4 Rfd8 22. Rad1 Ne5 23. b3 Rdc8
24. Rd2 h6 25. Qg2 Qb7 26. Rfd1 Ng4 {
Leyva,R (2338)-Kovacevic,S (2387)/Madrid 2003/CBM 096 ext/0-1}) 12... Bb7 13.
Nd2 Nbd7 14. f4 Ba7 15. Rae1 Nc5 16. Bg1 d5 17. e5 Nfe4 18. b3 f6 19. Nxe4 dxe4
20. Bc4 Kh8 21. Nxe6 Nxe6 22. Bxa7 fxe5 23. fxe5 Nf4 24. Qe3 Qxe5 25. Bc5 Rf5
26. Bd4 Qc7 27. Rf2 Raf8 28. Ref1 Qd6 29. c3 bxc3 30. Bxc3 h6 31. Bb2 Kh7 32.
g3 Qc5 33. Bc1 Nh3 34. Rxf5 Rxf5 35. Kg2 Qc8 36. Rxf5 Qxf5 37. Be2 Ng5 38. g4
Qc8 39. Bb2 Nf3 40. Qf4 Nh4+ 41. Kf1 Qd7 42. Bc3 Ng6 43. Qf5 Qc7 44. Bd4 Qd6
45. Bg1 Kh8 46. Be3 Bd5 47. b4 Nh4 48. Qh5 Qf6+ 49. Kg1 Bf7 50. Qc5 Nf3+ 51.
Kg2 Qb2 52. Qc8+ Kh7 53. Qxa6 Ne5 54. Kf1 Qb1+ 55. Kf2 Qc2 56. Kg3 Bc4 57. Bxc4
Nxc4 58. g5 hxg5 59. Qe6 Nxe3 60. Qh3+ Kg8 61. Qe6+ Kf8 62. Qd6+ Kf7 63. Qd7+
Kf6 64. Qd4+ Kf5 65. Qxe3 Qxa4 66. Qc5+ Kg6 67. Qc3 Qb5 68. Qb3 Qe5+ 69. Kg2 e3
70. Qd3+ Kh6 71. Qe2 Qe4+ 72. Kg1 g4 73. b5 Kg5 74. Qb2 g6 75. b6 e2 76. Qc1+
Kh5 77. Qe1 Qe3+ 78. Kg2 Qf3+ 79. Kg1 g3 80. hxg3 Kg4 81. Kh2 Qe4 1/2-1/2

[Event "?"]
[Site "Ciego de Avila"]
[Date "2010.01.14"]
[Round "3"]
[White "Delgado Ramirez, Neuris"]
[Black "Quesada Perez, Yasser"]
[Result "1-0"]
[WhiteElo "2595"]
[BlackElo "2401"]
[PlyCount "89"]
[EventDate "2010.01.12"]
[EventCountry "CUB"]

1. e4 c5 2. Nf3 d6 3. d4 cxd4 4. Nxd4 Nf6 5. Nc3 a6 6. h3 e6 7. g4 b5 8. Bg2
Bb7 9. O-O Nc6 ({RR} 9... Qc7 10. Re1 Nfd7 11. a4 bxa4 12. Nd5 Qd8 13. Rxa4 Nc6
14. Bg5 Qxg5 15. Nc7+ Ke7 16. e5 d5 17. Nxa8 Nc5 18. h4 Qg6 19. h5 Qg5 20.
Nxc6+ Bxc6 21. Ra5 Kd7 22. b4 Nb7 23. Rxa6 Bxb4 24. c3 {
Haslinger,S (2525)-Gurevich,V (2470)/Bundesliga 2009/1-0}) 10. Re1 $146 ({RR} 
10. Nxc6 Bxc6 11. Re1 Nd7 12. Nd5 Bb7 13. Qd4 Ne5 14. f4 Nc6 15. Qf2 exd5 16.
exd5+ Ne7 17. a4 Kd7 18. Be3 Bxd5 19. Bb6 Qb8 20. Rxe7+ Bxe7 21. Bxd5 Bh4 22.
Qd4 Bf6 23. Qf2 Bh4 24. Qd4 Bf6 {
Carlsen,M (2775)-Dominguez,L (2708)/Biel 2008/CBM 126/1/2-1/2}) 10... Nxd4 11.
Qxd4 e5 12. Qd3 Be7 13. a4 b4 14. Nd5 Nxd5 15. exd5 O-O 16. a5 f5 17. Ra4 e4
18. Qb3 Bc8 19. Qxb4 Bh4 20. Be3 Qf6 21. gxf5 Bxf5 22. Qd2 Qg6 23. Kh1 Bf6 24.
Bd4 Bg5 25. Qe2 Qh6 26. Qf1 Bxh3 27. Bxh3 Rf3 28. Ra3 e3 29. Raxe3 Bxe3 30.
Rxe3 Raf8 31. Rxf3 Rxf3 32. Kh2 Qf4+ 33. Kg2 Qe4 34. Bb6 Rc3+ 35. Kg1 Rxc2 36.
Bg2 Qe5 37. Be3 Rxb2 38. Qxa6 Rb1+ 39. Bf1 Qxd5 40. Qc8+ Kf7 41. a6 Qd3 42. Qh3
Qg6+ 43. Kh2 Qe6 44. Qh5+ Ke7 45. a7 1-0

[Event "?"]
[Site "Ciego de Avila"]
[Date "2010.01.14"]
[Round "3"]
[White "Almeida Quintana, Omar"]
[Black "Nogueiras Santiago, Jesus"]
[Result "0-1"]
[WhiteElo "2523"]
[BlackElo "2570"]
[PlyCount "64"]
[EventDate "2010.01.12"]
[EventCountry "CUB"]

1. d4 d5 2. c4 c6 3. Nf3 Nf6 4. Nc3 e6 5. e3 Nbd7 6. Qc2 Be7 7. b3 b6 8. g4 ({
RR} 8. Bd3 Bb7 9. Bb2 Rc8 10. O-O Qc7 11. Rad1 h6 12. Qe2 Bb4 13. a3 Be7 14. e4
dxe4 15. Nxe4 Nxe4 16. Bxe4 Nf6 17. Bb1 O-O 18. Rfe1 Rfd8 19. Qc2 Kf8 20. Ne5
a5 21. Rd3 Bd6 22. c5 Bxe5 {
Ashwin,J (2478)-Imocha,L (2240)/Chennai 2008/CBM 122 Extra/1/2-1/2 (46)}) 8...
Bb4 $146 ({RR} 8... O-O 9. g5 Nh5 10. Rg1 Bb7 11. Be2 g6 12. Bb2 Rc8 13. O-O-O
c5 14. cxd5 exd5 15. Kb1 Ng7 16. Qd2 c4 17. bxc4 dxc4 18. d5 Bb4 19. Nd4 Nc5
20. Bg4 Rb8 21. Qc2 Qxg5 22. Nc6 Bxc6 23. dxc6 {
Gurevich,D (2580)-Waitzkin,J (2440)/Chicago 1997/EXT 2000/1-0 (53)}) 9. a3
Bxc3+ 10. Qxc3 Bb7 11. Be2 O-O 12. Rg1 Ne4 13. Qc2 c5 14. dxc5 Ndxc5 15. b4 Nd7
16. cxd5 Bxd5 17. Bb2 Qe7 18. Qd3 Rfd8 19. g5 Bb7 20. Qb3 Rac8 21. Rd1 Nf8 22.
Bd4 Ng6 23. h4 Qc7 24. h5 Nh4 25. Nxh4 Qh2 26. Rf1 Qxh4 27. g6 hxg6 28. hxg6
Ng5 29. gxf7+ Kxf7 30. Rg1 g6 31. Rg4 Qh1+ 32. Kd2 Ne4+ 0-1

[Event "?"]
[Site "Ciego de Avila"]
[Date "2010.01.14"]
[Round "3"]
[White "Jimenez Fraga, Pedro Alejandro"]
[Black "Martinez Duany, Lelys Stanley"]
[Result "1/2-1/2"]
[WhiteElo "2453"]
[BlackElo "2507"]
[PlyCount "50"]
[EventDate "2010.01.12"]
[EventCountry "CUB"]

1. Nf3 Nf6 2. g3 g6 3. Bg2 Bg7 4. O-O O-O 5. d3 d5 6. Nbd2 Nc6 7. e4 e5 8. a3 (
{RR} 8. exd5 Nxd5 9. Re1 Nb6 10. Bf1 h6 11. c3 a5 12. a4 Be6 13. Qc2 Bd5 14.
Nh4 Kh7 15. b3 f5 16. Rb1 Qf6 17. Ng2 Rad8 18. Ne3 Be6 19. Bg2 Nd5 20. Nec4 g5
21. Bb2 g4 22. Re2 Bf7 {Appel,R (2541)-Figura,A (2412)/Solingen GER 2009/The
Week in Chess 747/1/2-1/2 (50)}) 8... a5 9. a4 $146 ({RR} 9. b3 Re8 10. Bb2 d4
11. Qb1 Nd7 12. Ne1 Nc5 13. Qd1 f5 14. f4 exf4 15. gxf4 Kh8 16. Rb1 Ne7 17. Nc4
Ne6 18. Qd2 Rf8 19. Nxa5 Bh6 20. Nc4 fxe4 21. dxe4 Bxf4 22. Qe2 b5 23. Ne3 Kg8
{Maiwald,J (2543)-Ramirez Alvarez,A (2542)/Havana 2004/CBM 101/0-1 (37)}) 9...
h6 10. b3 Re8 11. Bb2 dxe4 12. dxe4 b6 13. Re1 Ba6 14. Bf1 Bxf1 15. Nxf1 Qc8
16. Qe2 Qe6 17. Rad1 Rad8 18. Rxd8 Rxd8 19. N1d2 Nd7 20. Nc4 Nc5 21. Ba3 Bf8
22. h4 h5 23. Kg2 Nd4 24. Nxd4 Rxd4 25. Bxc5 Bxc5 1/2-1/2

[Event "?"]
[Site "Ciego de Avila"]
[Date "2010.01.14"]
[Round "3"]
[White "Gonzalez Vidal, Yuri"]
[Black "Perez Rodriguez, Luis Manuel"]
[Result "1-0"]
[WhiteElo "2523"]
[BlackElo "2487"]
[PlyCount "71"]
[EventDate "2010.01.12"]
[EventCountry "CUB"]

1. e4 c5 2. Nf3 e6 3. d4 cxd4 4. Nxd4 Nc6 5. Nc3 Qc7 6. Be2 a6 7. O-O Nf6 8.
Be3 Bb4 9. Na4 Be7 10. Nxc6 bxc6 11. Nb6 Rb8 12. Nxc8 Qxc8 13. Bd4 c5 14. Be5
Rb6 15. b3 O-O ({RR} 15... d6 16. Bb2 O-O 17. Qd3 d5 18. exd5 Nxd5 19. Rad1 Nf4
20. Qf3 Nxe2+ 21. Qxe2 Rc6 22. Rd3 c4 23. Rh3 f6 24. Qh5 h6 25. Bc1 Qe8 26. Qe2
f5 27. Bb2 Qf7 28. Rg3 {1/2-1/2 Vachier Lagrave,M (2684)-Nisipeanu,L (2675)/
Villandry FRA 2009/The Week in Chess 765}) 16. Bd3 d5 ({RR} 16... d6 17. Bb2
Nd7 18. f4 Bf6 19. Bxf6 Nxf6 20. Qe2 Nd7 21. e5 dxe5 22. fxe5 c4 23. Bxc4 Qc5+
24. Kh1 Nxe5 25. Bxa6 Rd8 26. Rad1 Rbd6 27. Rxd6 Qxd6 28. a4 f6 29. Bb5 Qb4 30.
Qe1 Qc5 31. c3 {Areshchenko,A (2667)-Pecheritsa,V (2319)/St . Petersburg RUS
2009/The Week in Chess 780/1-0 (43)}) 17. exd5 Nxd5 $146 ({RR} 17... exd5 18.
Qf3 Qg4 19. Qxg4 Nxg4 20. Rae1 Bd8 21. Bf4 Nf6 22. Bc1 Rc6 23. Ba3 Ba5 24. Re3
Bd2 25. Re2 Bc3 26. Rd1 g6 27. Re7 Kg7 28. g3 Rfc8 29. Bf1 a5 30. Bg2 Re6 31.
Rxe6 fxe6 32. Rd3 {
Brustman,A (2379)-Cosma,E (2365)/Ostrava 1999/CBM 070 ext/1/2-1/2 (58)}) 18.
Qh5 g6 19. Qh6 Bf6 20. Rae1 Bxe5 21. Rxe5 Qc7 22. Rfe1 Rd8 23. a3 a5 24. h4 Nf6
25. Qg5 Nd7 26. R5e4 Rd6 27. Qe7 Rc8 28. h5 Nb6 29. Qh4 Qd8 30. hxg6 hxg6 31.
Qg3 c4 32. bxc4 Rc5 33. Rg4 Rd4 34. Rxg6+ fxg6 35. Qxg6+ Kf8 36. Qh6+ 1-0

[Event "?"]
[Site "Ciego de Avila"]
[Date "2010.01.14"]
[Round "3"]
[White "Vera Gonzalez, Quevedo Reynaldo"]
[Black "Bacallao Alonso, Yusnel"]
[Result "1/2-1/2"]
[WhiteElo "2499"]
[BlackElo "2512"]
[PlyCount "49"]
[EventDate "2010.01.12"]
[EventCountry "CUB"]

1. Nf3 Nf6 2. d4 g6 3. c4 Bg7 4. Nc3 d5 5. cxd5 Nxd5 6. e4 Nxc3 7. bxc3 c5 8.
Bb5+ Nd7 9. O-O O-O 10. a4 Qc7 ({RR} 10... Nf6 11. Bd3 Bg4 12. Be3 Qa5 13. Rc1
c4 14. Bb1 Rfd8 15. h3 Bxf3 16. Qxf3 Qxa4 17. Bg5 Qc6 18. Qe2 b5 19. f4 b4 20.
e5 Nd5 21. cxb4 Rac8 22. f5 Qb6 23. Qf2 f6 24. exf6 exf6 25. Bd2 {Sanzhaev,D
120)-Yandemirov,V (2499)/Kazan RUS 2009/The Week in Chess 763/0-1 (46)}) 11.
Bg5 a6 $146 ({RR} 11... Nf6 12. Re1 a6 ({RR} 12... Rd8 13. Qb3 Be6 14. d5 Bg4
15. Nd2 h6 16. Bh4 Nh5 17. f3 Bc8 18. Bf2 Nf4 19. Bf1 b6 20. a5 Rb8 21. axb6
axb6 22. Rab1 Bd7 23. Nc4 b5 24. Na3 c4 25. Qb4 Be5 26. g3 Nd3 27. Bxd3 {
Shirov,A (2655)-Kamsky,G (2655)/Manila 1992/TD/1-0 (52)}) 13. Bf1 h6 14. Bd2 e6
15. Qb3 Rd8 16. Rab1 Bd7 17. e5 Ne8 18. Qxb7 Bc6 19. Qxc7 Nxc7 20. a5 Nb5 21.
c4 Nxd4 22. Nxd4 cxd4 23. Rb6 Ba4 24. Bd3 Bf8 25. Ra1 Be8 26. Be4 {
Urban,K (2444)-Ehlvest,J (2593)/Warsaw 1999/EXT 2002/0-1 (51)}) 12. Bd3 e5 13.
d5 f6 14. Be3 b6 15. c4 a5 16. Rb1 Rb8 17. Qc2 Rb7 18. Qe2 Nb8 19. Nd2 Na6 20.
f4 Nb4 21. f5 Qd8 22. Ra1 Re7 23. Bb1 Kf7 24. Qg4 Qd6 25. Qg3 1/2-1/2

[Event "?"]
[Site "Ciego de Avila"]
[Date "2010.01.14"]
[Round "3"]
[White "De la Paz Perdomo, Frank"]
[Black "Hernandez Carmenates, Holden"]
[Result "0-1"]
[WhiteElo "2488"]
[BlackElo "2567"]
[PlyCount "70"]
[EventDate "2010.01.12"]
[EventCountry "CUB"]

1. e4 c5 2. Nf3 d6 3. Bb5+ Nd7 4. c3 Ngf6 5. Qe2 a6 6. Ba4 e5 7. O-O b5 8. Bc2
Be7 9. a4 b4 10. a5 O-O 11. d4 cxd4 12. cxd4 Bb7 $146 ({RR} 12... exd4 13. Nxd4
Bb7 14. Bd2 Re8 15. Bxb4 d5 16. Bxe7 Qxe7 17. e5 Qc5 18. Qd1 Nxe5 19. h3 Rac8
20. Ra4 g6 21. Nd2 Qd6 22. N2f3 Rc4 23. Bb3 Rb4 24. Nxe5 Rxe5 25. Qd2 Rxa4 26.
Bxa4 Re7 27. Rc1 {
Hasangatin,R (2482)-Stocek,J (2530)/Slovakia 2002/EXT 2006/0-1 (36)}) 13. d5
Nc5 14. b3 Nfd7 15. Rd1 Rb8 16. Nbd2 f5 17. exf5 Nf6 18. Nb1 Rc8 19. Ng5 Nxd5
20. Nxh7 Kxh7 21. f6+ Kg8 22. fxe7 Qxe7 23. Qh5 e4 24. Rxd5 Qf6 25. Be3 Qxa1
26. Bd4 Qa2 27. Bxg7 Qxc2 28. Nd2 Bxd5 29. Bd4 e3 30. Qg5+ Kf7 31. Qxd5+ Ke7
32. Qg5+ Kd7 33. Bxe3 Qf5 34. Qg7+ Rf7 35. Qd4 Nxb3 0-1

[Event "?"]
[Site "Ciego de Avila"]
[Date "2010.01.15"]
[Round "4"]
[White "Gomez Garrido, Camilo"]
[Black "Bruzon Batista, Lazaro"]
[Result "1/2-1/2"]
[WhiteElo "2497"]
[BlackElo "2615"]
[PlyCount "58"]
[EventDate "2010.01.12"]
[EventCountry "CUB"]

1. e4 e6 2. d4 d5 3. Nd2 Be7 4. Ngf3 Nf6 5. Bd3 c5 6. dxc5 dxe4 7. Nxe4 Nxe4 8.
Bxe4 Qxd1+ 9. Kxd1 Bxc5 10. Ke2 Nd7 11. Be3 Ke7 12. Rhd1 Bxe3 13. Kxe3 Nf6 14.
Ne5 Nxe4 15. Kxe4 f6 16. Nd3 b6 $146 ({RR} 16... Bd7 17. Ke3 Rac8 18. Rd2 Bb5
19. a4 Bxd3 20. Kxd3 Rc5 21. Ke2 Rhc8 22. Kd1 Rh5 23. h3 Rg5 24. f3 Rd8 25.
Rxd8 Kxd8 26. g4 Rd5+ 27. Ke2 Re5+ 28. Kd2 Rd5+ 29. Ke2 Re5+ {
1/2-1/2 Yandemirov,V (2481)-Belenov,D (2364)/Ishevsk 2005/CBM 105 ext}) 17. c4
Bb7+ 18. Ke3 Rac8 19. b3 Rhd8 20. Rac1 e5 21. f3 Rd4 22. Nf2 Rxd1 23. Rxd1 f5
24. Nd3 Kf6 25. Nb4 Ke6 26. a4 g5 27. Nd5 h6 28. Nc3 a6 29. Rd2 h5 1/2-1/2

[Event "?"]
[Site "Ciego de Avila"]
[Date "2010.01.15"]
[Round "4"]
[White "Quesada Perez, Yuniesky"]
[Black "Delgado Ramirez, Neuris"]
[Result "1-0"]
[WhiteElo "2565"]
[BlackElo "2595"]
[PlyCount "45"]
[EventDate "2010.01.12"]
[EventCountry "CUB"]

1. e4 c5 2. Nf3 d6 3. d4 cxd4 4. Nxd4 Nf6 5. Nc3 Nc6 6. Bg5 Bd7 7. Qd2 h6 8.
Bxf6 gxf6 9. O-O-O Nxd4 10. Qxd4 Qa5 11. Bc4 Rc8 12. Bb3 Qc5 13. Qd2 Bg7 $146 (
{RR} 13... b5 14. Nd5 ({RR} 14. Kb1 Bg7 15. Nd5 e6 16. Nf4 Bf8 17. Nd3 Qb6 18.
f4 a5 19. a3 Rc7 20. f5 e5 21. g4 Rg8 22. h3 Bc6 23. Rhe1 Bb7 24. Re2 h5 25. g5
Rxg5 26. Nxe5 Rg1 27. Rxg1 Qxg1+ 28. Re1 Qb6 {
Balogh,C (2561)-Dreev,A (2607)/Sibenik 2007/EXT 2008/1-0 (59)}) 14... Be6 15.
Kb1 Bxd5 16. exd5 f5 17. Rhe1 Bg7 18. Re3 Bf6 19. Qd3 f4 20. Re4 Qxf2 21. Qxb5+
Kf8 22. Rf1 Qxg2 23. Rexf4 Qxh2 24. Qb7 Rd8 25. Qc7 Ra8 26. Qb7 Rd8 27. Qc7 Ra8
28. Qb7 {
Mkrtchian,L (2402)-Lomineishvili,M (2409)/Kemer 2007/CBM 120 ext/1/2-1/2}) ({RR
} 13... e6 14. Rhe1 Be7 15. f4 Rc7 16. f5 b5 17. Ne2 exf5 18. Nf4 fxe4 19. Rxe4
Kf8 20. Re3 Bc6 21. Rc3 Qb6 22. Nd5 Bxd5 23. Qxd5 Bd8 24. Re1 Rg8 25. Rce3 Rg5
26. Re8+ Kg7 27. Qa8 Rd7 28. Qf3 {
Matulovic,M (2510)-Mednis,E (2430)/Kragujevac 1977/EXT 2004/1/2-1/2 (33)}) 14.
Rhe1 a5 15. Re3 b5 16. Rg3 Bf8 17. a4 bxa4 18. Bxa4 e6 19. f4 Qb4 20. Bxd7+
Kxd7 21. Qf2 Rb8 22. Na4 Rd8 23. Rd4 1-0

[Event "?"]
[Site "Ciego de Avila"]
[Date "2010.01.15"]
[Round "4"]
[White "Nogueiras Santiago, Jesus"]
[Black "Arencibia Rodriguez, Walter"]
[Result "1/2-1/2"]
[WhiteElo "2570"]
[BlackElo "2499"]
[PlyCount "39"]
[EventDate "2010.01.12"]
[EventCountry "CUB"]

1. d4 Nf6 2. Nf3 e6 3. g3 b6 4. Bg2 Bb7 5. O-O Be7 6. c4 O-O 7. Nc3 Ne4 8. Nxe4
Bxe4 9. Nh4 Bxg2 10. Nxg2 d5 11. Qa4 dxc4 12. Qxc4 c5 13. dxc5 Bxc5 14. Be3 Nd7
15. Bxc5 Nxc5 16. Rac1 ({RR} 16. Rfd1) 16... Rc8 17. Qf4 $146 ({RR} 17. Rfd1
Nd7 18. Qxc8 Qxc8 19. Rxc8 Rxc8 20. Rxd7 Rc1+ 21. Ne1 Rxe1+ 22. Kg2 g5 23. e3 {
1/2-1/2 Khenkin,I (2609)-Tomashevsky,E (2658)/Dagomys 2008/CBM 124}) 17... Qf6
18. Qxf6 gxf6 19. Rc2 Rfd8 20. Ne3 1/2-1/2

[Event "?"]
[Site "Ciego de Avila"]
[Date "2010.01.15"]
[Round "4"]
[White "Gonzalez Vidal, Yuri"]
[Black "Corrales Jimenez, Fidel"]
[Result "1/2-1/2"]
[WhiteElo "2523"]
[BlackElo "2602"]
[PlyCount "54"]
[EventDate "2010.01.12"]
[EventCountry "CUB"]

1. e4 c5 2. Nf3 Nc6 3. Bb5 g6 4. Bxc6 dxc6 5. d3 Bg7 6. h3 Nf6 7. Nc3 Nd7 8.
Be3 e5 9. Qd2 h6 10. O-O Qe7 11. Nh2 Nf8 12. f4 exf4 13. Bxf4 Ne6 14. Bg3 Nd4
15. Rae1 O-O ({RR} 15... Be6 16. Nd5 cxd5 17. exd5 O-O 18. dxe6 Nxe6 19. Ng4
Qg5 20. Qxg5 hxg5 21. Nf6+ Bxf6 22. Rxf6 Rfd8 23. h4 gxh4 24. Bxh4 Rd4 25. Bg3
Rad8 26. Be5 R4d5 27. Rf3 Re8 28. Rfe3 b6 29. g4 f5 30. gxf5 {
Kalegin,E (2510)-Volodin,I (2172)/Kazan RUS 2009/The Week in Chess 750/1-0 (53)
}) 16. e5 Bf5 17. Ne4 h5 $146 ({RR} 17... Bxe4 18. Rxe4 h5 ({RR} 18... Nf5 19.
Bf4 Kh7 20. Ng4 Rad8 21. Rf2 Rfe8 22. Qc1 Qf8 23. Qf1 Kg8 24. Nf6+ Bxf6 25.
exf6 Rxe4 26. dxe4 Nd4 27. Rd2 Ne6 28. c3 c4 29. Rxd8 Qxd8 30. Bxh6 Qa5 31.
Qxc4 Qb6+ 32. Kh2 Qf2 33. Qd3 {
Minasian,A (2578)-Kalugin,S (2457)/Sochi 2008/CBM 123 Extra/1/2-1/2 (38)}) ({RR
} 18... Rad8 19. Bh4 g5 20. Ng4 Ne6 21. Nf6+ Kh8 22. Bg3 Rd4 23. Qe2 Rxe4 24.
Qxe4 Bxf6 25. Rxf6 Kg7 26. h4 Qd7 27. Qf5 c4 28. Bf2 cxd3 29. cxd3 Qd5 30. hxg5
hxg5 31. Be3 Qxa2 32. Bxg5 Qb1+ 33. Kf2 {
Kosintseva,T (2489)-Cmilyte,V (2470)/Turin 2006/CBM 112 ext/1-0 (37)}) 19. Bh4
Qc7 20. Bf6 Kh7 21. g4 Bh6 22. Qf2 Rg8 23. e6 Nxe6 24. Be5 Qd7 25. Qxf7+ Qxf7
26. Rxf7+ Bg7 27. Rxb7 Ng5 28. Re3 Kh8 29. Rxg7 Rxg7 30. Bf6 Nf7 31. Re7 Kg8
32. Bxg7 {Kalegin,E (2510)-Sokolov,S (2362)/Kazan 2008/EXT 2009/1-0 (43)}) 18.
Nf6+ Bxf6 19. exf6 Qxf6 20. Be5 Qd8 21. g4 hxg4 22. hxg4 f6 23. gxf5 fxe5 24.
Qh6 gxf5 25. Qg6+ Kh8 26. Qh6+ Kg8 27. Qg6+ Kh8 1/2-1/2